Distribution : planning and control
Saved in:
| Main Author: | |
|---|---|
| Format: | Book |
| Language: | English |
| Published: |
Boston ; Dordrecht :
Kluwer Academic Publishers,
1998, c1996
|
| Edition: | 3rd prin. |
| Series: | Chapman & Hall materials management/logistics series
|
| Subjects: | |
| Tags: |
Add Tag
No Tags, Be the first to tag this record!
|
MARC
| LEADER | 00000nam a2200000 i 4500 | ||
|---|---|---|---|
| 001 | 1/7613 | ||
| 008 | 000622s19961998 eng d | ||
| 020 | |a 0-412-06521-5 | ||
| 035 | |l 10062347 | ||
| 040 | |a GR-MY-UA |b gre |e aacr | ||
| 041 | 0 | |a eng | |
| 082 | 0 | |a 658.7 | |
| 100 | 1 | |a Ross, David Frederick |d 1948- | |
| 245 | 1 | 0 | |a Distribution : |b planning and control / |c David Frederick Ross |
| 250 | |a 3rd prin. | ||
| 260 | |a Boston ; Dordrecht : |b Kluwer Academic Publishers, |c 1998, c1996 | ||
| 300 | |a xix, 779 p.; |b ill.; |c 24 cm. | ||
| 490 | 1 | |a Chapman & Hall materials management/logistics series | |
| 504 | |a Includes bibliographical references and index | ||
| 650 | 0 | 0 | |a Marketing |x Management. |
| 650 | 0 | 0 | |a Export marketing. |
| 650 | 0 | 0 | |a Business logistics. |
| 830 | 0 | |a Chapman & Hall materials management/logistics series | |
| 852 | |a INST |b SAMOS |e 20000622 |h 658.7 ROS |p 005300023230 |q 005300023230 |t BK |y 0 | ||
| 901 | |a BIBL3-2000-2 | ||
| 909 | |a Σ |b 080219 | ||
| 922 | |a 3ΕΛΗ |b 200004 |c ΚΠΣ |d GLORY | ||
| 950 | |a 116-1999-12-23 | ||
| 970 | |a ΚΟΣΙΕΡΗΣ |b ΧΡΗΣΤΟΣ |z 2000/06/22 | ||